Visualizzazione normale
Vista MARC
- Framario
di Personal Name
Records bibliografici associati: 1
001 - CONTROL NUMBER
- control field: 27571
003 - CONTROL NUMBER IDENTIFIER
- control field: IT-RoPau
005 - DATE AND TIME OF LATEST TRANSACTION
- control field: 20140528173835.0
008 - FIXED-LENGTH DATA ELEMENTS
- fixed length control field: 140528|| aca||aabn | a|a d
040 ## - CATALOGING SOURCE
- Original cataloging agency: IT-RoPau
- Transcribing agency: IT-RoPau
100 ## - HEADING--PERSONAL NAME
- Personal name: Framario
- Dates associated with a name: Codice autore SPICS: 33642
- Relator term: Autore
- Name of part/section of a work: Il leprotto pim pum pam
670 ## - SOURCE DATA FOUND
- Source citation: Work cat.: (IT-RoPau)99718: AA.VV. 794, Zecchino d'oro (Lo)-1967